000 00678nam a2200241Ia 4500
005 20221117095305.0
008 131103s9999 xx 000 0 und d
040 _aLoreto College
041 _aEnglish
082 _a821.7
_bKEA-HIL
100 _aHill,Douglas
245 _aJohn Keats
_cDouglas Hill
260 _aLondon
_bMorgan - Grampian Books
_c1968
300 _a92 p.
_b ill.
440 _aInternational Profiles
504 _aIncludes bibliographical references
630 _aKeats,John, -Criticism and Interpretation
650 _aKeats,John, 1795 - 1821
651 _aEnglish Poetry
700 _aStorer,Edward,series ed.
850 _aLCLIB
942 _cBK
999 _c5929
_d56408